| 000 | 01085nam a2200313 a 4500 | ||
|---|---|---|---|
| 001 | 829 | ||
| 003 | BR-CuiBMT | ||
| 005 | 20231121002312.0 | ||
| 008 | 230815s2016 spba 000 0 por d | ||
| 020 | _a9788566331042 (v. 1) | ||
| 040 |
_aBR-CuiBMT _cBR-CuiBMT |
||
| 080 |
_22007 _a352:34 |
||
| 090 |
_a352:34 _bD598 |
||
| 245 | 1 | 0 |
_aDireito municipal / _c[coordenação editorial, Armando Marcondes Machado Jr ; autores Dyonne Stamato ... [et al.]. |
| 246 | 3 | 4 |
_aDireito municipal : _bum olhar abrangente |
| 260 |
_aSão Paulo : _bConam, _c2015. |
||
| 300 |
_a v. : _bil. ; _c23 cm |
||
| 500 | _aVários autores. | ||
| 504 | _aInclui bibliografia. | ||
| 505 | 0 | _aConteúdo incompleto: v. 1. Analítica total. | |
| 590 | _8A biblioteca possui apenas o v. 1. | ||
| 650 | _aDireito municipal | ||
| 650 |
_aAdministração pública _xMunicípios _xAspectos jurídicos |
||
| 650 |
_aConsórcio público _zBrasil |
||
| 650 |
_aMunicípios _xCriação _zBrasil |
||
| 700 | 1 |
_aMachado Junior, Armando Marcondes _4coord. |
|
| 700 | 1 |
_aStamato, Dyonne _eet al. _eautores |
|
| 942 |
_2udc _cLV |
||
| 999 |
_c829 _d829 |
||